000 00821nam a2200241 a 4500
001 BRCA_5385
005 20190320205044.0
008 091210s1989----enka#####c---#000-0#eng-#
020 _a0670829382
041 _aeng
044 _aenk
050 4 _aNK1065
_b.M55 1989
245 1 0 _aMiller´s International Antiques price guide
_b1990 American edition
_ccompiled and edition by Judith and Martin Miller.
260 _aInglaterra
_bMillers
_c1989
300 _a632 p.
_bil. (algunas a color)
_c28 cm.
500 _aIncluye índice alfabético y directorio de subastas internacionales
500 _aDonación Dr. Héctor Rivero Borrell Vázquez
650 1 4 _aAntigüedades
_vCatálogos
_913776
700 1 _aMiller, Judith
_eEditora
_913777
700 1 _aMiller, Martin
_eEditor
_913778
902 _aDHR
942 _2lcc
_cB
999 _c5079
_d5079